President's By Groups - Statistics

General Stats
  • This quiz has been taken 22 times
  • The average score is 50 of 64
Answer Stats
Hint Answer % Correct
A Abraham Lincoln
100%
A Abraham Lincoln
100%
A Barack Obama
100%
A Donald Trump
100%
A Dwight D. Eisenhower
100%
A Dwight D. Eisenhower
100%
A Franklin D. Roosevelt
100%
A Franklin D. Roosevelt
100%
A John F. Kennedy
100%
A John F. Kennedy
100%
A Theodore Roosevelt
100%
A Theodore Roosevelt
100%
A George H. W. Bush
95%
A George W. Bush
95%
A George W. Bush
95%
A Bill Clinton
91%
A George Washington
91%
A George Washington
91%
A Richard Nixon
91%
A Thomas Jefferson
91%
A Thomas Jefferson
91%
A Ronald Reagan
86%
A Ronald Reagan
86%
A Andrew Jackson
82%
A Andrew Jackson
82%
A Andrew Johnson
82%
A Andrew Johnson
82%
A Grover Cleveland
82%
A Grover Cleveland
82%
A Lyndon B. Johnson
82%
A Lyndon B. Johnson
82%
A Gerald Ford
77%
A Gerald Ford
77%
A James K. Polk
77%
A James Madison
77%
A James Madison
77%
A William McKinley
77%
A William McKinley
77%
A Benjamin Harrison
73%
A James A. Garfield
73%
A James A. Garfield
73%
A James Monroe
73%
A James Monroe
73%
A Jimmy Carter
73%
A Ulysses S. Grant
73%
A Ulysses S. Grant
73%
A William Henry Harrison
73%
A William Henry Harrison
73%
A Harry S. Truman
68%
A Harry S. Truman
68%
A James Buchanan
64%
A Calvin Coolidge
59%
A John Tyler
59%
A John Tyler
59%
A Woodrow Wilson
59%
A Millard Fillmore
55%
A Millard Fillmore
55%
A Zachary Taylor
55%
A Zachary Taylor
55%
A Warren G. Harding
50%
A Franklin Pierce
45%
A Rutherford B. Hayes
45%
A Chester A. Arthur
36%
A Chester A. Arthur
36%
No matching quizzes found
Score Distribution
Percent of People with Each Score
Percentile by Number Answered
Your Score History
You have not taken this quiz